<?xml version="1.0" encoding="UTF-8"?>
<collection xmlns="http://www.loc.gov/MARC21/slim">
 <record>
  <leader>05382cam a2200817   4500</leader>
  <controlfield tag="001">856438634</controlfield>
  <controlfield tag="003">DE-627</controlfield>
  <controlfield tag="005">20240308173224.0</controlfield>
  <controlfield tag="007">tu</controlfield>
  <controlfield tag="008">160401s2016    ne ||||| m    00| ||eng c</controlfield>
  <datafield tag="020" ind1=" " ind2=" ">
   <subfield code="a">9789462980549</subfield>
   <subfield code="c">hbk.</subfield>
   <subfield code="9">978-94-6298-054-9</subfield>
  </datafield>
  <datafield tag="020" ind1=" " ind2=" ">
   <subfield code="a">9462980543</subfield>
   <subfield code="9">94-6298-054-3</subfield>
  </datafield>
  <datafield tag="035" ind1=" " ind2=" ">
   <subfield code="a">(DE-627)856438634</subfield>
  </datafield>
  <datafield tag="035" ind1=" " ind2=" ">
   <subfield code="a">(DE-576)462936635</subfield>
  </datafield>
  <datafield tag="035" ind1=" " ind2=" ">
   <subfield code="a">(DE-599)BSZ462936635</subfield>
  </datafield>
  <datafield tag="035" ind1=" " ind2=" ">
   <subfield code="a">(OCoLC)945087019</subfield>
  </datafield>
  <datafield tag="035" ind1=" " ind2=" ">
   <subfield code="a">(OCoLC)945087019</subfield>
  </datafield>
  <datafield tag="040" ind1=" " ind2=" ">
   <subfield code="a">DE-627</subfield>
   <subfield code="b">ger</subfield>
   <subfield code="c">DE-627</subfield>
   <subfield code="e">rda</subfield>
  </datafield>
  <datafield tag="041" ind1=" " ind2=" ">
   <subfield code="a">eng</subfield>
  </datafield>
  <datafield tag="044" ind1=" " ind2=" ">
   <subfield code="c">XA-NL</subfield>
  </datafield>
  <datafield tag="050" ind1=" " ind2="0">
   <subfield code="a">DF</subfield>
  </datafield>
  <datafield tag="050" ind1=" " ind2="0">
   <subfield code="a">NK3850</subfield>
  </datafield>
  <datafield tag="082" ind1="0" ind2=" ">
   <subfield code="a">938</subfield>
  </datafield>
  <datafield tag="084" ind1=" " ind2=" ">
   <subfield code="a">6,14</subfield>
   <subfield code="2">ssgn</subfield>
  </datafield>
  <datafield tag="084" ind1=" " ind2=" ">
   <subfield code="a">LG 4500</subfield>
   <subfield code="q">BVB</subfield>
   <subfield code="2">rvk</subfield>
   <subfield code="0">(DE-625)rvk/92142:</subfield>
  </datafield>
  <datafield tag="084" ind1=" " ind2=" ">
   <subfield code="a">NH 8575</subfield>
   <subfield code="q">BVB</subfield>
   <subfield code="2">rvk</subfield>
   <subfield code="0">(DE-625)rvk/125816:</subfield>
  </datafield>
  <datafield tag="084" ind1=" " ind2=" ">
   <subfield code="a">LG 4400</subfield>
   <subfield code="q">OBV</subfield>
   <subfield code="2">rvk</subfield>
   <subfield code="0">(DE-625)rvk/92140:</subfield>
  </datafield>
  <datafield tag="084" ind1=" " ind2=" ">
   <subfield code="a">15.09</subfield>
   <subfield code="2">bkl</subfield>
  </datafield>
  <datafield tag="084" ind1=" " ind2=" ">
   <subfield code="a">15.28</subfield>
   <subfield code="2">bkl</subfield>
  </datafield>
  <datafield tag="084" ind1=" " ind2=" ">
   <subfield code="a">20.62</subfield>
   <subfield code="2">bkl</subfield>
  </datafield>
  <datafield tag="084" ind1=" " ind2=" ">
   <subfield code="a">21.88</subfield>
   <subfield code="2">bkl</subfield>
  </datafield>
  <datafield tag="100" ind1="1" ind2=" ">
   <subfield code="a">Oyen, Astrid van</subfield>
   <subfield code="e">VerfasserIn</subfield>
   <subfield code="0">(DE-588)1104398605</subfield>
   <subfield code="0">(DE-627)861861000</subfield>
   <subfield code="0">(DE-576)470970812</subfield>
   <subfield code="4">aut</subfield>
  </datafield>
  <datafield tag="245" ind1="1" ind2="0">
   <subfield code="a">How things make history</subfield>
   <subfield code="b">the Roman Empire and its terra sigillata pottery</subfield>
   <subfield code="c">Astrid Van Oyen</subfield>
  </datafield>
  <datafield tag="264" ind1=" " ind2="1">
   <subfield code="a">Amsterdam</subfield>
   <subfield code="b">Amsterdam University Press</subfield>
   <subfield code="c">[2016]</subfield>
  </datafield>
  <datafield tag="300" ind1=" " ind2=" ">
   <subfield code="a">X, 173 Seiten</subfield>
   <subfield code="b">Illustrationen, Diagramme, Karten</subfield>
  </datafield>
  <datafield tag="336" ind1=" " ind2=" ">
   <subfield code="a">Text</subfield>
   <subfield code="b">txt</subfield>
   <subfield code="2">rdacontent</subfield>
  </datafield>
  <datafield tag="337" ind1=" " ind2=" ">
   <subfield code="a">ohne Hilfsmittel zu benutzen</subfield>
   <subfield code="b">n</subfield>
   <subfield code="2">rdamedia</subfield>
  </datafield>
  <datafield tag="338" ind1=" " ind2=" ">
   <subfield code="a">Band</subfield>
   <subfield code="b">nc</subfield>
   <subfield code="2">rdacarrier</subfield>
  </datafield>
  <datafield tag="490" ind1="1" ind2=" ">
   <subfield code="a">Amsterdam archaeological studies</subfield>
   <subfield code="v">23</subfield>
  </datafield>
  <datafield tag="502" ind1=" " ind2=" ">
   <subfield code="b">Dissertation</subfield>
   <subfield code="c">University of Cambridge</subfield>
   <subfield code="d">2013</subfield>
  </datafield>
  <datafield tag="520" ind1=" " ind2=" ">
   <subfield code="a">Bright red 'terra sigillata' pots dating to the first three centuries CE can be found throughout the Western Roman provinces. The pots' widespread distribution and recognisability make them key evidence in the effort to reconstruct the Roman Empire's economy and society. Drawing on recent ideas in material culture, this book asks a radically new question: what was it about the pots themselves that allowed them to travel so widely and be integrated so quickly into a range of contexts and practices? To answer this question, Van Oyen offers a fresh analysis in which objects are no longer passive props, but rather they actively shape historical trajectories</subfield>
  </datafield>
  <datafield tag="520" ind1=" " ind2=" ">
   <subfield code="a">Bright red 'terra sigillata' pots dating to the first three centuries CE can be found throughout the Western Roman provinces. The pots' widespread distribution and recognisability make them key evidence in the effort to reconstruct the Roman Empire's economy and society. Drawing on recent ideas in material culture, this book asks a radically new question: what was it about the pots themselves that allowed them to travel so widely and be integrated so quickly into a range of contexts and practices? To answer this question, Van Oyen offers a fresh analysis in which objects are no longer passive props, but rather they actively shape historical trajectories</subfield>
  </datafield>
  <datafield tag="583" ind1="1" ind2=" ">
   <subfield code="a">Archivierung/Langzeitarchivierung gewährleistet</subfield>
   <subfield code="f">SSG</subfield>
   <subfield code="x">XA-DE-BW</subfield>
   <subfield code="2">pdager</subfield>
   <subfield code="5">DE-16</subfield>
  </datafield>
  <datafield tag="650" ind1=" " ind2="0">
   <subfield code="a">Pottery, Roman</subfield>
   <subfield code="x">Social aspects</subfield>
  </datafield>
  <datafield tag="650" ind1=" " ind2="0">
   <subfield code="a">Pottery, Arretine</subfield>
   <subfield code="x">Social aspects</subfield>
  </datafield>
  <datafield tag="650" ind1=" " ind2="0">
   <subfield code="a">Material culture</subfield>
   <subfield code="z">Rome</subfield>
  </datafield>
  <datafield tag="651" ind1=" " ind2="0">
   <subfield code="a">Rome</subfield>
   <subfield code="x">Civilization</subfield>
  </datafield>
  <datafield tag="655" ind1=" " ind2="7">
   <subfield code="a">Hochschulschrift</subfield>
   <subfield code="0">(DE-588)4113937-9</subfield>
   <subfield code="0">(DE-627)105825778</subfield>
   <subfield code="0">(DE-576)209480580</subfield>
   <subfield code="2">gnd-content</subfield>
  </datafield>
  <datafield tag="689" ind1="0" ind2="0">
   <subfield code="d">g</subfield>
   <subfield code="0">(DE-588)4076778-4</subfield>
   <subfield code="0">(DE-627)106082094</subfield>
   <subfield code="0">(DE-576)209202882</subfield>
   <subfield code="a">Römisches Reich</subfield>
   <subfield code="2">gnd</subfield>
  </datafield>
  <datafield tag="689" ind1="0" ind2="1">
   <subfield code="d">s</subfield>
   <subfield code="0">(DE-588)4184789-1</subfield>
   <subfield code="0">(DE-627)105292443</subfield>
   <subfield code="0">(DE-576)210028130</subfield>
   <subfield code="a">Terra sigillata</subfield>
   <subfield code="2">gnd</subfield>
  </datafield>
  <datafield tag="689" ind1="0" ind2=" ">
   <subfield code="5">DE-101</subfield>
  </datafield>
  <datafield tag="751" ind1=" " ind2=" ">
   <subfield code="a">Cambridge</subfield>
   <subfield code="0">(DE-588)4009351-7</subfield>
   <subfield code="0">(DE-627)106363182</subfield>
   <subfield code="0">(DE-576)208882057</subfield>
   <subfield code="4">uvp</subfield>
  </datafield>
  <datafield tag="776" ind1="1" ind2=" ">
   <subfield code="z">9789048529933</subfield>
  </datafield>
  <datafield tag="776" ind1="0" ind2="8">
   <subfield code="i">Erscheint auch als</subfield>
   <subfield code="n">Online-Ausgabe</subfield>
   <subfield code="a">Oyen, Astrid van</subfield>
   <subfield code="t">How things make history</subfield>
   <subfield code="d">Amsterdam : Amsterdam University Press, 2020</subfield>
   <subfield code="h">1 Online-Ressource (184 Seiten, 9838235 bytes)</subfield>
   <subfield code="w">(DE-627)174304447X</subfield>
   <subfield code="z">9789048529933</subfield>
   <subfield code="z">904852993X</subfield>
  </datafield>
  <datafield tag="787" ind1="0" ind2="8">
   <subfield code="i">Rezensiert in</subfield>
   <subfield code="a">Deru, Xavier, 1968 - </subfield>
   <subfield code="t">[Rezension von: Astrid van Oyen, How things make history. The Roman Empire and its terra sigillata pottery]</subfield>
   <subfield code="d">2016</subfield>
   <subfield code="w">(DE-627)1819634388</subfield>
  </datafield>
  <datafield tag="830" ind1=" " ind2="0">
   <subfield code="a">Amsterdam archaeological studies</subfield>
   <subfield code="v">23</subfield>
   <subfield code="9">23</subfield>
   <subfield code="w">(DE-627)235935247</subfield>
   <subfield code="w">(DE-576)064081257</subfield>
   <subfield code="w">(DE-600)1399083-4</subfield>
   <subfield code="7">ns</subfield>
  </datafield>
  <datafield tag="856" ind1="4" ind2="2">
   <subfield code="u">https://www.loc.gov/catdir/enhancements/fy1619/2016445026-b.html</subfield>
   <subfield code="v">2016-10-04</subfield>
   <subfield code="x">Verlag</subfield>
   <subfield code="3">Autorenbiografie</subfield>
  </datafield>
  <datafield tag="856" ind1="4" ind2="2">
   <subfield code="u">https://www.loc.gov/catdir/enhancements/fy1619/2016445026-d.html</subfield>
   <subfield code="v">2016-10-04</subfield>
   <subfield code="x">Verlag</subfield>
   <subfield code="3">Verlagsangaben</subfield>
  </datafield>
  <datafield tag="935" ind1=" " ind2=" ">
   <subfield code="i">Blocktest</subfield>
  </datafield>
  <datafield tag="936" ind1="r" ind2="v">
   <subfield code="a">LG 4500</subfield>
   <subfield code="b">Sonstiges</subfield>
   <subfield code="k">Klassische Archäologie</subfield>
   <subfield code="k">Antike Kunst und Kultur</subfield>
   <subfield code="k">Vasenmalerei und Keramik</subfield>
   <subfield code="k">Sonstiges</subfield>
   <subfield code="0">(DE-627)1271619385</subfield>
   <subfield code="0">(DE-625)rvk/92142:</subfield>
   <subfield code="0">(DE-576)201619385</subfield>
  </datafield>
  <datafield tag="936" ind1="r" ind2="v">
   <subfield code="a">NH 8575</subfield>
   <subfield code="b">Kulturgeschichte</subfield>
   <subfield code="k">Geschichte</subfield>
   <subfield code="k">Griechisch-römische Geschichte</subfield>
   <subfield code="k">Römische Geschichte</subfield>
   <subfield code="k">Teilbereiche der römischen Geschichte</subfield>
   <subfield code="k">Kulturgeschichte</subfield>
   <subfield code="0">(DE-627)1271456885</subfield>
   <subfield code="0">(DE-625)rvk/125816:</subfield>
   <subfield code="0">(DE-576)201456885</subfield>
  </datafield>
  <datafield tag="936" ind1="r" ind2="v">
   <subfield code="a">LG 4400</subfield>
   <subfield code="b">Römische Keramik</subfield>
   <subfield code="k">Klassische Archäologie</subfield>
   <subfield code="k">Antike Kunst und Kultur</subfield>
   <subfield code="k">Vasenmalerei und Keramik</subfield>
   <subfield code="k">Römische Keramik</subfield>
   <subfield code="0">(DE-627)1271624249</subfield>
   <subfield code="0">(DE-625)rvk/92140:</subfield>
   <subfield code="0">(DE-576)201624249</subfield>
  </datafield>
  <datafield tag="936" ind1="b" ind2="k">
   <subfield code="a">15.09</subfield>
   <subfield code="j">Wirtschaftsgeschichte</subfield>
   <subfield code="0">(DE-627)181569663</subfield>
  </datafield>
  <datafield tag="936" ind1="b" ind2="k">
   <subfield code="a">15.28</subfield>
   <subfield code="j">Römisches Reich</subfield>
   <subfield code="0">(DE-627)106405128</subfield>
  </datafield>
  <datafield tag="936" ind1="b" ind2="k">
   <subfield code="a">20.62</subfield>
   <subfield code="j">Italische Kunst</subfield>
   <subfield code="j">etruskische Kunst</subfield>
   <subfield code="j">römische Kunst</subfield>
   <subfield code="0">(DE-627)106406590</subfield>
  </datafield>
  <datafield tag="936" ind1="b" ind2="k">
   <subfield code="a">21.88</subfield>
   <subfield code="j">Keramik</subfield>
   <subfield code="x">Kunst</subfield>
   <subfield code="0">(DE-627)106405616</subfield>
  </datafield>
  <datafield tag="951" ind1=" " ind2=" ">
   <subfield code="a">BO</subfield>
  </datafield>
  <datafield tag="990" ind1=" " ind2=" ">
   <subfield code="a">Römisches Reich</subfield>
  </datafield>
  <datafield tag="990" ind1=" " ind2=" ">
   <subfield code="a">Terra sigillata</subfield>
  </datafield>
  <datafield tag="991" ind1=" " ind2=" ">
   <subfield code="a">Rezensiertes Werk</subfield>
  </datafield>
  <datafield tag="999" ind1=" " ind2=" ">
   <subfield code="a">KXP-PPN856438634</subfield>
   <subfield code="e">4200661829</subfield>
  </datafield>
 </record>
</collection>
